| 000 | 01571cam a2200373 a 4500 | ||
|---|---|---|---|
| 999 |
_c22784 _d22784 |
||
| 001 | 13598084 | ||
| 003 | OSt | ||
| 005 | 20210819101938.0 | ||
| 008 | 040519s2001 quca b 001 0 eng d | ||
| 010 | _a 2004401201 | ||
| 016 | _a20019004788 | ||
| 020 | _a0773522387 (bound) | ||
| 020 | _a0773522468 (pbk.) | ||
| 040 |
_aMMU _beng _cMMU _dMMU _dMMU |
||
| 050 | 0 | 0 |
_aHD30.255 _b.L444 2001 |
| 100 | 1 |
_aLeiss, William, _d1939- |
|
| 245 | 1 | 0 |
_aIn the chamber of risks : _bunderstanding risk controversies / _cWilliam Leiss. |
| 260 |
_aMontreal ; _aIthaca : _bMcGill-Queen's University Press, _cc2001. |
||
| 300 |
_axv, 388 p. : _bill. ; _c24 cm. |
||
| 500 | _aIncludes bibliographical references (p. [363]-383) and index. | ||
| 650 | 0 |
_aIndustrial management _xEnvironmental aspects _zCanada _vCase studies. |
|
| 650 | 0 |
_aRisk management _zCanada _vCase studies. |
|
| 650 | 0 |
_aEnvironmental policy _zCanada _vCase studies. |
|
| 650 | 0 |
_aHealth risk assessment _zCanada _vCase studies. |
|
| 650 | 0 |
_aEnvironmental risk assessment _zCanada _vCase studies. |
|
| 650 | 2 |
_aRisk Assessment _xorganization & administration _zCanada. |
|
| 650 | 2 |
_aRisk Management _xorganization & administration _zCanada. |
|
| 650 | 2 |
_aConservation of Natural Resources _zCanada. |
|
| 650 | 6 |
_aRisques pour la santé _xÉvaluation _zCanada _vCas, Études de. |
|
| 650 | 6 |
_aEnvironnement _xÉvaluation du risque _zCanada _vCas, Études de. |
|
| 650 | 6 |
_aGestion du risque _zCanada _vCas, Études de. |
|
| 650 | 6 |
_aEnvironnement _xProtection _xPolitique gouvernementale _zCanada. |
|
| 942 |
_2lcc _cLOAN LOAN |
||